| 000 | 00476cam a2200193 4500 | ||
|---|---|---|---|
| 001 | B1273 | ||
| 008 | 090401t1987 xxu||||| |||| 00| 0 eng d | ||
| 035 | _a(Sirsi) u43461 | ||
| 041 | _aeng | ||
| 050 | _a333.337 | ||
| 110 |
_aChristie and Co _91921 |
||
| 245 | _aHalf year market report: hotels . - Summer 1987 | ||
| 260 |
_aLondon _bChristie and Co _c1987 |
||
| 300 | _a1 sheet ; 30cm. | ||
| 350 | _a0 | ||
| 650 | _aPROPERTY MARKET | ||
| 942 | _n0 | ||
| 948 | _c04/03/1997 | ||
| 999 |
_c91331 _d91331 |
||